<?xml version="1.0" encoding="UTF-8"?>
<record
    xmlns:xsi="http://www.w3.org/2001/XMLSchema-instance"
    xsi:schemaLocation="http://www.loc.gov/MARC21/slim http://www.loc.gov/standards/marcxml/schema/MARC21slim.xsd"
    xmlns="http://www.loc.gov/MARC21/slim">

  <leader>01766nam a22002297a 4500</leader>
  <controlfield tag="001">3479</controlfield>
  <controlfield tag="003">FISKH</controlfield>
  <controlfield tag="005">20240312112923.0</controlfield>
  <controlfield tag="008">240312b        cb ||||| |||| 00| 0 eng d</controlfield>
  <datafield tag="040" ind1=" " ind2=" ">
    <subfield code="a">FISK</subfield>
    <subfield code="b">eng </subfield>
    <subfield code="c">FISK</subfield>
    <subfield code="d">FISK</subfield>
  </datafield>
  <datafield tag="082" ind1=" " ind2=" ">
    <subfield code="a">823.92</subfield>
  </datafield>
  <datafield tag="100" ind1=" " ind2=" ">
    <subfield code="a">Gray Kes </subfield>
    <subfield code="d">1960-</subfield>
  </datafield>
  <datafield tag="245" ind1=" " ind2=" ">
    <subfield code="a">Daisy and the trouble with life / </subfield>
  </datafield>
  <datafield tag="260" ind1=" " ind2=" ">
    <subfield code="a">London : </subfield>
    <subfield code="b">Random house children's publishers UK, </subfield>
    <subfield code="c">2007 </subfield>
  </datafield>
  <datafield tag="300" ind1=" " ind2=" ">
    <subfield code="a">201 pages : </subfield>
    <subfield code="c">22 cm </subfield>
  </datafield>
  <datafield tag="505" ind1=" " ind2=" ">
    <subfield code="a">H </subfield>
  </datafield>
  <datafield tag="520" ind1=" " ind2=" ">
    <subfield code="a">In Daisy's guide to life, nothing is quite black and white. The trubble with life is it's sooooooo not fair. The trouble with Mums is that you can't swap them for other mums when you need to. And the trouble with being grounded is it's sooooooo boring. You absolutely can't go anywhere at all. No hopping jumping, flying or parachuting...Daisy's got ever so much time to think about what she's done. Really, it wasn't her fault. If her pocket money hadn't run out, and if someone hadn't dropped a strawberry dib-dab on the pavement and if strawberry dib-dabs weren't Daisy's absolutely favourite sweet... Who knew that it had invisible red germs that are so totally teensy and that Auntie Sue says give you tummy trouble?Daisy's trips to the loo are interspersed with hilarious musings about the trouble with everything, from her goldfish Freddie who thinks it's a dolphin, to playing nicely at Gabby's house, to the school name-caller Jack Beechwhistle, to remote control cars and hosepipes that don't do as they're told.Now, if only Daisy can find a word to rhyme with hippopotamus, she and Gabby can magic next door's cat into a hippo. When she's un-grounded and off the loo, of course...</subfield>
  </datafield>
  <datafield tag="521" ind1="8" ind2=" ">
    <subfield code="a">estimates, </subfield>
    <subfield code="b">Lexiles </subfield>
  </datafield>
  <datafield tag="700" ind1=" " ind2=" ">
    <subfield code="a">Kes Gray  </subfield>
  </datafield>
  <datafield tag="942" ind1=" " ind2=" ">
    <subfield code="2">ddc</subfield>
    <subfield code="c">BK</subfield>
    <subfield code="n">0</subfield>
  </datafield>
  <datafield tag="999" ind1=" " ind2=" ">
    <subfield code="c">3479</subfield>
    <subfield code="d">3479</subfield>
  </datafield>
  <datafield tag="952" ind1=" " ind2=" ">
    <subfield code="0">0</subfield>
    <subfield code="1">0</subfield>
    <subfield code="2">ddc</subfield>
    <subfield code="4">0</subfield>
    <subfield code="7">0</subfield>
    <subfield code="8">FIC</subfield>
    <subfield code="a">001</subfield>
    <subfield code="b">001</subfield>
    <subfield code="c">TTP</subfield>
    <subfield code="d">2024-03-12</subfield>
    <subfield code="l">0</subfield>
    <subfield code="o">GRA 823.92</subfield>
    <subfield code="p">2024-0300</subfield>
    <subfield code="r">2025-04-10 16:01:43</subfield>
    <subfield code="t">1</subfield>
    <subfield code="w">2024-03-12</subfield>
    <subfield code="y">BK</subfield>
  </datafield>
</record>
